| 000 -LEADER |
| fixed length control field |
01273pab a2200181 454500 |
| 008 - FIXED-LENGTH DATA ELEMENTS--GENERAL INFORMATION |
| fixed length control field |
180718b2001 xxu||||| |||| 00| 0 eng d |
| 100 ## - MAIN ENTRY--PERSONAL NAME |
| Personal name |
Jafa, Y.S. |
| 245 ## - TITLE STATEMENT |
| Title |
Challenges for police in the 21st century |
| 260 ## - PUBLICATION, DISTRIBUTION, ETC. |
| Date of publication, distribution, etc. |
2001 |
| 300 ## - PHYSICAL DESCRIPTION |
| Extent |
p.96-105. |
| 362 ## - DATES OF PUBLICATION AND/OR SEQUENTIAL DESIGNATION |
| Dates of publication and/or sequential designation |
Jan-Mar |
| 520 ## - SUMMARY, ETC. |
| Summary, etc. |
The emerging social, economic and cultural milieu have thrown up challenges of a newer kind before the police administration of the country. Its task is no more confined to maintaining law and order. It encompasses now a greater responsibility of coping with the awareness and fostering the new social order in more responsive and humane way. Latest advancements in technology and pace of communication call for bracing up of the resources and forces. The author, a seasoned and experienced police officer, lists the major ills in the set up, behaviour, organisation and preparedness of the law enforcing agency. He outlines the factors that have tarnished the image and effectiveness of this important arm of civil administration and suggests in details various measures required to overcome the present inadequacies. - Reproduced |
| 650 ## - SUBJECT ADDED ENTRY--TOPICAL TERM |
| Topical term or geographic name entry element |
Police - 21st century |
| 650 ## - SUBJECT ADDED ENTRY--TOPICAL TERM |
| Topical term or geographic name entry element |
Police |
| 773 ## - HOST ITEM ENTRY |
| Main entry heading |
Indian Journal of Public Administration |
| 908 ## - PUT COMMAND PARAMETER (RLIN) |
| Put command parameter |
N |
| 909 ## - |
| -- |
50109 |